Artificial Intelligence: Foundations of Computational Agents

שמור ב:
מידע ביבליוגרפי
מחבר ראשי: Poole, David L. and Mackworth, Alan K.
פורמט: ספר
יצא לאור: CUP
תגים: הוספת תג
אין תגיות, היה/י הראשונ/ה לתייג את הרשומה!

MARC

LEADER 00000nam a2200000Ia 4500
005 20260515061617.0
100 |a Poole, David L. and Mackworth, Alan K. 
020 |a 9781009258197 
942 |c BK 
245 |a Artificial Intelligence: Foundations of Computational Agents 
260 |b CUP 
999 |c 58  |d 58 
952 |0 0  |1 0  |4 0  |7 0  |a ABDN  |b ABDN  |d 2026-05-15  |l 0  |p 000090  |r 2026-05-15 06:16:17  |w 2026-05-15  |y BK